[Event "Pessoense Master 6th"]
[Site "Joao Pessoa"]
[Date "2020.03.14"]
[Round "10"]
[White "Gomes, Genildo de Souza"]
[Black "Morais, Francisco John Silv"]
[Result "1-0"]
[WhiteElo "1679"]
[BlackElo "1695"]
[PlyCount "92"]
[EventDate "2020.03.07"]
[EventType "tourn"]
[EventRounds "11"]
[EventCountry "BRA"]
[SourceTitle "CBM 195 Extra"]
[Source "ChessBase"]
[SourceDate "2020.05.31"]
[SourceVersion "1"]
[SourceVersionDate "2020.05.31"]
[SourceQuality "1"]

1. d4 Nf6 2. Nd2 g6 3. e4 d6 4. Bc4 Bg7 5. Ne2 0-0 6. f3 e5 7. Nb3 a6 8. a4 Nbd7 9. Be3 Nb6 10. Bd3 c6 11. c4 Nbd7 12. Qd2 Ne8 13. Bg5 f6 14. Bh6 f5 15. Bxg7 Nxg7 16. 0-0 f4 17. dxe5 dxe5 18. Qa5 b6 19. Qc3 Qg5 20. c5 bxc5 21. Nxc5 Nxc5 22. Qxc5 Be6 23. Nd4 Bd7 24. Nxc6 Bxc6 25. Qxc6 h5 26. Rac1 h4 27. Rc5 Rad8 28. Bc4+ Kh8 29. Bd5 Rb8 30. b3 Rb4 31. Bc4 Rbb8 32. Qxa6 Ne8 33. Qe6 Nf6 34. Qxe5 Qxe5 35. Rxe5 Nd7 36. Rb5 Rxb5 37. Bxb5 Nc5 38. b4 Nb3 39. Rd1 Rc8 40. Bd3 Nc1 41. h3 Rc3 42. Bb5 Na2 43. Rb1 Re3 44. Bc4 Nc3 45. Ra1 Ne2+ 46. Bxe2 Rxe2 1-0

[Event "Pessoense Master 6th"]
[Site "Joao Pessoa"]
[Date "2020.03.12"]
[Round "7"]
[White "Morais, Francisco John Silv"]
[Black "Dantas, Francisco"]
[Result "0-1"]
[WhiteElo "1695"]
[BlackElo "1938"]
[PlyCount "70"]
[EventDate "2020.03.07"]
[EventType "tourn"]
[EventRounds "11"]
[EventCountry "BRA"]
[SourceTitle "CBM 195 Extra"]
[Source "ChessBase"]
[SourceDate "2020.05.31"]
[SourceVersion "1"]
[SourceVersionDate "2020.05.31"]
[SourceQuality "1"]

1. e4 e6 2. d4 d5 3. exd5 exd5 4. Nf3 Nf6 5. Nc3 Bd6 6. Bd3 0-0 7. 0-0 a6 8. Bg5 Be6 9. Qd2 Re8 10. Rfe1 Nbd7 11. Re2 Be7 12. Rae1 g6 13. h3 c6 14. a4 Qa5 15. Ne5 Qd8 16. f4 Qb6 17. Nxd7 Qxd4+ 18. Kh1 Nxd7 19. Bxe7 Rxe7 20. f5 gxf5 21. Qg5+ Kf8 22. Bxf5 Qf6 23. Qxf6 Nxf6 24. Bxe6 Rxe6 25. Rxe6 fxe6 26. Rxe6 Kf7 27. Re1 Re8 28. Rf1 d4 29. Nd1 Re2 30. Nf2 Kg7 31. c3 dxc3 32. bxc3 Rc2 33. Nd1 Ne4 34. Rf3 Rc1 35. Rd3 Rxd1+ 0-1

[Event "Pessoense Master 6th"]
[Site "Joao Pessoa"]
[Date "2020.03.11"]
[Round "6"]
[White "Canonico, Rodrigo"]
[Black "Morais, Francisco John Silv"]
[Result "0-1"]
[WhiteElo "1700"]
[BlackElo "1695"]
[PlyCount "72"]
[EventDate "2020.03.07"]
[EventType "tourn"]
[EventRounds "11"]
[EventCountry "BRA"]
[SourceTitle "CBM 195 Extra"]
[Source "ChessBase"]
[SourceDate "2020.05.31"]
[SourceVersion "1"]
[SourceVersionDate "2020.05.31"]
[SourceQuality "1"]

1. e4 c5 2. d4 cxd4 3. c3 dxc3 4. Nxc3 Nc6 5. Nf3 e6 6. Bc4 a6 7. 0-0 Nge7 8. Bg5 f6 9. Be3 b5 10. Bb3 Ng6 11. Qe2 Bd6 12. Rfd1 Qe7 13. Qd3 Bc7 14. Rac1 Bb7 15. a3 Nge5 16. Nxe5 Nxe5 17. Qe2 Rc8 18. f4 Nc4 19. Bxc4 bxc4 20. Rd2 0-0 21. f5 exf5 22. exf5 Rfe8 23. Re1 Be5 24. Nd5 Qf7 25. Nb6 Rc7 26. Qd1 Rd8 27. Na4 d5 28. Bb6 d4 29. Bxc7 Qxc7 30. h3 d3 31. Nc3 Bd4+ 32. Kh1 Qg3 33. Ne4 Qh4 34. Rde2 dxe2 35. Qxe2 Bxe4 36. Qxc4+ Kh8 0-1

[Event "Joao Pessoa Caldas Memorial 5th"]
[Site "Joao Pessoa"]
[Date "2019.09.11"]
[Round "1"]
[White "Morais, Francisco John Silv"]
[Black "Gomes, Genildo de Souza"]
[Result "1/2-1/2"]
[WhiteElo "1687"]
[BlackElo "1651"]
[PlyCount "59"]
[EventDate "2019.09.11"]
[EventType "tourn"]
[EventRounds "11"]
[EventCountry "BRA"]
[SourceTitle "CBM 195 Extra"]
[Source "ChessBase"]
[SourceDate "2020.05.31"]
[SourceVersion "1"]
[SourceVersionDate "2020.05.31"]
[SourceQuality "1"]

1. e4 e6 2. d3 d5 3. Nd2 Nf6 4. Ngf3 c5 5. g3 Bd7 6. Bg2 Bc6 7. e5 Nfd7 8. 0-0 g6 9. Re1 Bg7 10. h4 Qc7 11. Qe2 Bb5 12. c4 Bc6 13. cxd5 Bxd5 14. Nc4 Bxc4 15. dxc4 Nc6 16. Bf4 0-0 17. Rad1 Nb6 18. g4 Rad8 19. Rd6 Nc8 20. Rxd8 Rxd8 21. h5 Nd4 22. Nxd4 Rxd4 23. Bg5 h6 24. Bf6 g5 25. Rd1 b6 26. Rxd4 cxd4 27. Qd3 Bxf6 28. exf6 Qf4 29. Qf3 Qxf3 30. Bxf3 1/2-1/2

[Event "Joao Pessoa Fischer Memorial 10th"]
[Site "Joao Pessoa"]
[Date "2019.03.29"]
[Round "1"]
[White "Martins, Vinicius Tine"]
[Black "Morais, Francisco John Silv"]
[Result "1-0"]
[WhiteElo "2294"]
[BlackElo "1714"]
[PlyCount "59"]
[EventDate "2019.03.29"]
[EventType "swiss"]
[EventRounds "6"]
[EventCountry "BRA"]
[SourceTitle "CBM 190 Extra"]
[Source "ChessBase"]
[SourceDate "2019.07.15"]
[SourceVersion "1"]
[SourceVersionDate "2019.07.15"]
[SourceQuality "1"]

1. Nf3 Nf6 2. c4 g6 3. Nc3 Bg7 4. e4 d6 5. d4 0-0 6. Be2 e5 7. 0-0 Nc6 8. d5 Ne7 9. b4 Nd7 10. a4 f5 11. Nd2 f4 12. Ba3 Nf6 13. c5 g5 14. h3 Ng6 15. b5 Nh4 16. Nc4 Ne8 17. f3 h5 18. Rf2 Rf6 19. a5 Rg6 20. b6 dxc5 21. bxc7 Qxc7 22. d6 Nxd6 23. Nd5 Qd7 24. Bxc5 Kh8 25. Nxd6 Rxd6 26. Bxd6 Qxd6 27. Rc1 b6 28. Nc7 Qxd1+ 29. Rxd1 Rb8 30. Rd8+ 1-0

[Event "Joao Pessoa Caldas Memorial U2000 4th"]
[Site "Joao Pessoa"]
[Date "2018.11.16"]
[Round "6"]
[White "De Moura Filho, Eny Nobrega"]
[Black "Morais, Francisco John Silv"]
[Result "0-1"]
[WhiteElo "1409"]
[BlackElo "1671"]
[PlyCount "54"]
[EventDate "2018.09.24"]
[EventType "tourn"]
[EventRounds "11"]
[EventCountry "BRA"]
[SourceTitle "EXT 2021"]
[Source "ChessBase"]
[SourceDate "2020.10.23"]
[SourceVersion "1"]
[SourceVersionDate "2020.10.23"]
[SourceQuality "1"]

1. e4 c5 2. Nf3 d6 3. Bc4 e6 4. d4 cxd4 5. Nxd4 Nf6 6. Nc3 a6 7. Bg5 Be7 8. 0-0 b5 9. Bd3 Bb7 10. b4 Nbd7 11. Nf3 Rc8 12. Bd2 Qc7 13. Re1 0-0 14. a4 bxa4 15. Nxa4 e5 16. c3 d5 17. exd5 Nxd5 18. c4 N5f6 19. Rc1 e4 20. Bxe4 Bxe4 21. Bg5 Bxb4 22. Re2 Bxf3 23. gxf3 h6 24. Bh4 Bd6 25. Bg3 Bxg3 26. fxg3 Qc6 27. Qd3 Qxa4 0-1